000 00590nam a2200241Ia 4500
003 OSt
005 20220918203358.0
006 a|||||r|||| 00| 0
007 ta
008 220917b |||||||| |||| 00| 0 eng d
024 _a107,898
037 _cTextual
040 _aARTS
_cARTS
_beng
041 _2eng
_aeng
082 _aV42:2.N5, K4
100 _aBurks Ardath W
_9108282
245 0 _aGovernment of Japan
250 _a2nd
260 _aNA
_bNA
_c1964
650 _aHISTORY
942 _hV42:2.N5, K4
_cTEXL
_2CC
999 _c231253
_d231253